书目信息 |
| 题名: |
户县农民画选集
|
|
| 作者: | ;国务院文化组美术作品征集小组 编 | |
| 分册: | ||
| 出版信息: | 北京 人民美术出版社 1975 |
|
| 页数: | 80幅 | |
| 开本: | ||
| 丛书名: | ||
| 单 册: | ||
| 中图分类: | J221.414 , J22 | |
| 科图分类: | ||
| 主题词: | 户县农民画--画册 | |
| 电子资源: | ||
| ISBN: | ||
| 000 | 00677nam0 2200229 45 | |
| 001 | 1555487681 | |
| 005 | 20150131152516.75 | |
| 010 | @dCNY0.56 | |
| 091 | @aCN@b8027.5980 | |
| 100 | @a19950109d1975 em y0chiy0121 ea | |
| 101 | 0 | @achi |
| 102 | @aCN@b110000 | |
| 105 | @aa z 000yy | |
| 200 | 10 | @a户县农民画选集@Ahu xian nong min hua xuan ji@f国务院文化组美术作品征集小组编 |
| 210 | @a北京@c人民美术出版社@d1975 | |
| 215 | @a80幅 | |
| 606 | @a户县农民画@x画册 | |
| 690 | @aJ221.414@v3 | |
| 690 | @aJ22@v4 | |
| 711 | 02 | @a国务院文化组美术作品征集小组@Aguo wu yuan wen hua zu mei shu zuo pin zheng ji xiao zu@4编 |
| 801 | 0 | @aCN@bTSSF@c20150131 |
| 905 | @aZUCC@dJ22@eJY85 | |
| 户县农民画选集/国务院文化组美术作品征集小组编.-北京:人民美术出版社,1975 |
| 80幅 |
| ISBN :CNY0.56 |
| ● |
| 相关链接 |
|
|
|
|
正题名:户县农民画选集
索取号:J22/JY85
 
预约/预借
| 序号 | 登录号 | 条形码 | 馆藏地/架位号 | 状态 | 备注 |
| 1 | 7861709 | 278617098 | 学院路分馆/ [索取号:J22/JY85] | 在馆 |